ՄԱՅՐ ԱԹՈՌ ՍՈՒՐԲ ԷՋՄԻԱԾԻՆ

«ՎԱՉԵ ԵՎ ԹԱՄԱՐ ՄԱՆՈՒԿՅԱՆ» ՄԱՏԵՆԱԴԱՐԱՆ

Немецко-русский словарь. (Record no. 69032)

MARC details
000 -LEADER
fixed length control field 00921nam a22002177a 4500
003 - CONTROL NUMBER IDENTIFIER
control field SEM
005 - DATE AND TIME OF LATEST TRANSACTION
control field 20220608074251.0
008 - FIXED-LENGTH DATA ELEMENTS--GENERAL INFORMATION
fixed length control field 190410b ||||| |||| 00| 0 rus d
040 ## - CATALOGING SOURCE
Original cataloging agency SEM
Transcribing agency SEM
041 0# - LANGUAGE CODE
Language code of text/sound track or separate title rus.
080 ## - UNIVERSAL DECIMAL CLASSIFICATION NUMBER
Universal Decimal Classification number 803.0-3=82/Н-50
245 04 - TITLE STATEMENT
Title Немецко-русский словарь.
Remainder of title Около 20000 слов. /
Statement of responsibility, etc. Ред.: И. Рахманова, А. Белкина
250 ## - EDITION STATEMENT
Edition statement 2-ое издание;
Remainder of edition statement исправленное и дополненное
260 ## - PUBLICATION, DISTRIBUTION, ETC.
Place of publication, distribution, etc. Москва:
Name of publisher, distributor, etc. Государственное изд. иностранных и национальных словарей,
Date of publication, distribution, etc. 1948.
300 ## - PHYSICAL DESCRIPTION
Extent 733 с.;
Dimensions 13 см
504 ## - BIBLIOGRAPHY, ETC. NOTE
Bibliography, etc. note Грамматический справочник с.: 705-733
650 ## - SUBJECT ADDED ENTRY--TOPICAL TERM
Topical term or geographic name entry element Словарь
General subdivision Немецкий
-- Русский
700 1# - ADDED ENTRY--PERSONAL NAME
Personal name Рахманова И.
Relator term ред.
Relationship edt.
700 1# - ADDED ENTRY--PERSONAL NAME
Personal name Белкина А.
Relator term ред.
Relationship edt.
942 ## - ADDED ENTRY ELEMENTS (KOHA)
Source of classification or shelving scheme Universal Decimal Classification
Koha item type Գրքեր/Books
Holdings
Withdrawn status Lost status Source of classification or shelving scheme Damaged status Not for loan Collection code Home library Current library Date acquired Cost, normal purchase price Inventory number Total Checkouts Full call number Barcode Date last seen Price effective from Koha item type Public note
    Universal Decimal Classification     Գրապահոց Մայր Աթոռ Սուրբ Էջմիածին «Վաչե և Թամար Մանուկյան» Մատենադարան Մայր Աթոռ Սուրբ Էջմիածին «Վաչե և Թամար Մանուկյան» Մատենադարան 10/04/2019 3000.00 Germ-1703   803.0-3=82/Н-50 Germ-1703 10/04/2019 10/04/2019 Գրքեր/Books Սպասարկվում է ընթերցասրահ